| 000 | 00862nas a2200301 4500 | ||
|---|---|---|---|
| 001 | BR2014006779 | ||
| 003 | BR-BrBNA | ||
| 005 | 20231205124646.0 | ||
| 007 | ta | ||
| 008 | 230509b bl.|||p| |||| 00| 00por d | ||
| 040 |
_aBR-BrBNA _bpor _cBiblioteca Nacional de Agricultura |
||
| 041 | _a(Es) | ||
| 072 | _aH01; H10 | ||
| 100 | 1 | _aCortes, D. | |
| 100 | 1 | _aMoreno, L. | |
| 100 | 1 | _aPárraga, J. | |
| 100 | 1 | _aGalán, A. | |
| 100 | 1 | _aCabedo, N. | |
| 245 | 1 | _aNuevos fármacos inspirados en annonáceas | |
| 650 | _aANNONACEAE | ||
| 650 | _aPLANTA MEDICINAL | ||
| 650 | _aINSETICIDA | ||
| 650 | _aCOMPOSIÇÃO QUÍMICA | ||
| 650 | _aMEDICAMENTO | ||
| 773 | 0 |
_tRevista Brasileira de Fruticultura (Brazil) _xISSN 0100-2945 _g(Feb 2014), v. 36(ed. esp.) p. 22-31 _wBR2014006779 |
|
| 909 |
_a202311 _bLúcia _c55 _dLúcia Elande |
||
| 942 |
_2AGRIS _n0 _cANA |
||
| 999 |
_c240223 _d240223 |
||